Città del Mondiale Svizzera 1954 - Statistics

Statistiche generali
  • Questo quiz è stato fatto 15 volte
  • Il punteggio medio è 6 su 6
Statistiche sulle risposte
con Immagini Risposta % Corretto
Berna
100%
Lugano
100%
Zurigo
100%
Basilea
92%
Ginevra
92%
Losanna
77%
Nessun quiz corrispondente trovato
Distribuzione punteggi
Percentuale di utenti per punteggio
Percentile per numero di risposta
I tuoi punteggi nel tempo
Non hai fatto questo quiz